<?xml version="1.0" encoding="UTF-8"?>
<record
    xmlns:xsi="http://www.w3.org/2001/XMLSchema-instance"
    xsi:schemaLocation="http://www.loc.gov/MARC21/slim http://www.loc.gov/standards/marcxml/schema/MARC21slim.xsd"
    xmlns="http://www.loc.gov/MARC21/slim">

  <leader>00307nam a22001337a 4500</leader>
  <controlfield tag="005">20180628202400.0</controlfield>
  <controlfield tag="008">180628b        xxu||||| |||| 00| 0 eng d</controlfield>
  <datafield tag="041" ind1=" " ind2=" ">
    <subfield code="a">eng</subfield>
  </datafield>
  <datafield tag="100" ind1=" " ind2=" ">
    <subfield code="a">SAPRE AKSHAY</subfield>
    <subfield code="9">4407</subfield>
  </datafield>
  <datafield tag="245" ind1=" " ind2=" ">
    <subfield code="a">THE LAW OF TORTS</subfield>
  </datafield>
  <datafield tag="260" ind1=" " ind2=" ">
    <subfield code="a">GURGAON</subfield>
    <subfield code="b">LEXIS NEXIS</subfield>
    <subfield code="c">2016</subfield>
  </datafield>
  <datafield tag="300" ind1=" " ind2=" ">
    <subfield code="a">901p,</subfield>
  </datafield>
  <datafield tag="942" ind1=" " ind2=" ">
    <subfield code="c">BK</subfield>
  </datafield>
  <datafield tag="999" ind1=" " ind2=" ">
    <subfield code="c">5703</subfield>
    <subfield code="d">5701</subfield>
  </datafield>
  <datafield tag="952" ind1=" " ind2=" ">
    <subfield code="0">0</subfield>
    <subfield code="1">0</subfield>
    <subfield code="4">0</subfield>
    <subfield code="7">0</subfield>
    <subfield code="a">JRU</subfield>
    <subfield code="b">JRU</subfield>
    <subfield code="c">SHELF- 67 B</subfield>
    <subfield code="d">2018-06-28</subfield>
    <subfield code="g">750.00</subfield>
    <subfield code="l">2</subfield>
    <subfield code="p">22350</subfield>
    <subfield code="r">2025-11-04 12:51:56</subfield>
    <subfield code="s">2025-10-30</subfield>
    <subfield code="w">2018-06-28</subfield>
    <subfield code="y">BK</subfield>
  </datafield>
  <datafield tag="952" ind1=" " ind2=" ">
    <subfield code="0">0</subfield>
    <subfield code="1">0</subfield>
    <subfield code="4">0</subfield>
    <subfield code="7">0</subfield>
    <subfield code="8">LAW</subfield>
    <subfield code="a">JRU</subfield>
    <subfield code="b">JRU</subfield>
    <subfield code="c">SHELF-29-C</subfield>
    <subfield code="d">2018-06-28</subfield>
    <subfield code="l">6</subfield>
    <subfield code="m">1</subfield>
    <subfield code="p">22351</subfield>
    <subfield code="r">2025-10-13 15:17:52</subfield>
    <subfield code="s">2025-09-24</subfield>
    <subfield code="w">2018-06-28</subfield>
    <subfield code="y">BK</subfield>
  </datafield>
  <datafield tag="952" ind1=" " ind2=" ">
    <subfield code="0">0</subfield>
    <subfield code="1">0</subfield>
    <subfield code="4">0</subfield>
    <subfield code="7">0</subfield>
    <subfield code="8">LAW</subfield>
    <subfield code="a">JRU</subfield>
    <subfield code="b">JRU</subfield>
    <subfield code="c">SHELF-29-C</subfield>
    <subfield code="d">2018-06-28</subfield>
    <subfield code="l">0</subfield>
    <subfield code="p">22352</subfield>
    <subfield code="r">2018-06-28 00:00:00</subfield>
    <subfield code="w">2018-06-28</subfield>
    <subfield code="y">BK</subfield>
  </datafield>
  <datafield tag="952" ind1=" " ind2=" ">
    <subfield code="0">0</subfield>
    <subfield code="1">0</subfield>
    <subfield code="4">0</subfield>
    <subfield code="7">0</subfield>
    <subfield code="8">LAW</subfield>
    <subfield code="a">JRU</subfield>
    <subfield code="b">JRU</subfield>
    <subfield code="c">SHELF-29-C</subfield>
    <subfield code="d">2018-06-28</subfield>
    <subfield code="l">3</subfield>
    <subfield code="p">22353</subfield>
    <subfield code="r">2025-11-27 07:30:37</subfield>
    <subfield code="s">2025-11-14</subfield>
    <subfield code="w">2018-06-28</subfield>
    <subfield code="y">BK</subfield>
  </datafield>
  <datafield tag="952" ind1=" " ind2=" ">
    <subfield code="0">0</subfield>
    <subfield code="1">0</subfield>
    <subfield code="4">0</subfield>
    <subfield code="7">0</subfield>
    <subfield code="8">LAW</subfield>
    <subfield code="a">JRU</subfield>
    <subfield code="b">JRU</subfield>
    <subfield code="c">SHELF-29-C</subfield>
    <subfield code="d">2018-06-28</subfield>
    <subfield code="l">4</subfield>
    <subfield code="p">22354</subfield>
    <subfield code="r">2025-11-27 07:31:15</subfield>
    <subfield code="s">2025-11-14</subfield>
    <subfield code="w">2018-06-28</subfield>
    <subfield code="y">BK</subfield>
  </datafield>
  <datafield tag="952" ind1=" " ind2=" ">
    <subfield code="0">0</subfield>
    <subfield code="1">0</subfield>
    <subfield code="4">0</subfield>
    <subfield code="7">0</subfield>
    <subfield code="8">LAW</subfield>
    <subfield code="a">JRU</subfield>
    <subfield code="b">JRU</subfield>
    <subfield code="c">SHELF-29-C</subfield>
    <subfield code="d">2018-06-28</subfield>
    <subfield code="l">8</subfield>
    <subfield code="m">4</subfield>
    <subfield code="p">22355</subfield>
    <subfield code="r">2025-10-17 13:43:49</subfield>
    <subfield code="s">2025-09-19</subfield>
    <subfield code="w">2018-06-28</subfield>
    <subfield code="y">BK</subfield>
  </datafield>
</record>
